| 000 | 00469nam a22001937a 4500 | ||
|---|---|---|---|
| 003 | MPLRDC | ||
| 005 | 20220104113903.0 | ||
| 008 | 210129b ||||| |||| 00| 0 eng d | ||
| 020 | _a957-13-0026-8 | ||
| 082 | _a848.2 ZDC-4 | ||
| 100 | _a张大春著 | ||
| 245 |
_a鸡翎图 _c |
||
| 250 | _a二版一刷 | ||
| 260 |
_a _b时报文化出版企业有限 _c1990 |
||
| 300 | _b平 | ||
| 490 | _a人间丛书;149 | ||
| 650 | _a现代别集 | ||
| 942 |
_cBK _o848.2 ZDC-4 |
||
| 999 |
_c3135 _d3125 |
||